On This Day: July 4th Quiz Stats

 Plays Quiz Updated Jul 4, 2017

Support Sporcle.
Go Orange.
Score 0/7 Timer 03:00
1 Play Today
Question Answer Wrong Answers
The people of ______ present the Statue of Liberty to the people of the United States.
1884
France
92.4%
Germany
0.9%
Britain
1.9%
Belgium
0.9%
The United States Declaration of Independence, which was drafted by this man, is adopted by the Second Continental Congress.
1776
Thomas Jefferson
83.9%
George Washington
6.7%
John Hancock
6.7%
James Monroe
2.6%
Lou Gehrig, recently diagnosed with ALS, informs a crowd at Yankee Stadium that he considers himself ‘The ______ man on the face of the earth’, then announces his retirement from major league baseball.
1939
Luckiest
80.1%
Happiest
6.3%
Bravest
2.9%
Friendliest
1.2%
NASA's Pathfinder space probe lands on the surface of ______.
1997
Mars
78.2%
Mercury
3.7%
Venus
4.9%
Pluto
2.6%
After 381 years of near-continuous colonial rule by various powers, this nation attains full independence from the United States.
1946
Philippines
73%
Vietnam
8.4%
Thailand
3.8%
Laos
4.5%
President Woodrow Wilson addresses ______ veterans at the Great Reunion of 1913.
1913
Civil War
52.6%
Mexican-American War
11.9%
Nez Perce War
1.3%
Spanish–American War
26.4%
Dubbed the 'Fight of the Century’ at that time, this boxer defeats Jim Jefferies in a heavyweight boxing match, sparking race riots across the US.
1910
Jack Johnson
34.3%
Joe Louis
27.3%
Jack Dempsey
16.2%
Sugar Ray Robinson
16.3%

You're not logged in!

Compare scores with friends on all Sporcle quizzes.
OR
Log In
Forgot?

From the Vault

Electromagnetic Spectrum Click

by mchoeven

See the colors of the rainbow.
Remove Ads.
Support Sporcle.
Get the best of Sporcle when you Go Orange. This ad-free experience offers more features, more stats, and more fun while also helping to support Sporcle. Thank you for becoming a member.

Show Comments

Extras

Top Quizzes Today


Score Distribution

Your Account Isn't Verified!

In order to create a playlist on Sporcle, you need to verify the email address you used during registration. Go to your Sporcle Settings to finish the process.

Report this User

Report this user for behavior that violates our Community Guidelines.

Details: